Statistics for NBA 2020s Conference Finals Starters

Click here to take the quiz!

General Stats

  • This quiz has been taken 527 times
    (379 since last reset)
  • The average score is 47 of 61

Answer Stats

Player% Correct
Anthony Davis
99%
Danny Green
99%
Draymond Green
99%
Giannis Antetokounmpo
99%
Jamal Murray
99%
Jaylen Brown
99%
Jayson Tatum
99%
Jimmy Butler
99%
LeBron James
99%
Luka Dončić
99%
Nikola Jokić
99%
Bam Adebayo
98%
Chris Paul
98%
Stephen Curry
98%
Trae Young
98%
Devin Booker
97%
Klay Thompson
97%
Al Horford
96%
Brook Lopez
96%
Jrue Holiday
96%
Paul George
96%
Marcus Smart
95%
Andrew Wiggins
94%
Kentavious Caldwell-Pope
94%
Khris Middleton
94%
Michael Porter Jr.
94%
Deandre Ayton
93%
Aaron Gordon
92%
Kevon Looney
91%
D'Angelo Russell
90%
Kyle Lowry
90%
Clint Capela
89%
Robert Williams
88%
Derrick White
85%
Austin Reaves
84%
Gabe Vincent
76%
John Collins
76%
Max Strus
74%
Mikal Bridges
72%
Kevin Love
71%
Duncan Robinson
68%
P.J. Tucker
67%
Dwight Powell
66%
Jarred Vanderbilt
66%
Jalen Brunson
64%
Dorian Finney-Smith
61%
JaVale McGee
61%
Jae Crowder
60%
Bogdan Bogdanović
56%
Kemba Walker
55%
Reggie Jackson
54%
Kevin Huerter
51%
Goran Dragić
48%
Marcus Morris
48%
Terance Mann
37%
Gary Harris
35%
Paul Millsap
33%
Patrick Beverley
30%
Reggie Bullock
29%
Daniel Theis
27%
Jerami Grant
19%

Score Distribution

Percentile by Number Answered

Percent of People with Each Score

Your Score History

You have not taken this quiz since the last reset